[Event "Zilina Region-ch"]
[Site "Zilina"]
[Date "2013.05.17"]
[Round "1"]
[White "Simo, Lubomir"]
[Black "Priecinsky, Filip"]
[Result "1-0"]
[WhiteElo "1739"]
[BlackElo "1353"]
[PlyCount "109"]
[EventDate "2013.05.17"]
[EventType "swiss"]
[EventRounds "6"]
[EventCountry "SVK"]
[SourceTitle "CBM 154 Extra"]
[Source "ChessBase"]
[SourceDate "2013.06.25"]
[SourceVersion "2"]
[SourceVersionDate "2013.06.25"]
[SourceQuality "1"]

1. e4 e5 2. Nc3 Nf6 3. f4 d6 4. Nf3 Nc6 5. Bc4 h6 6. d3 Bg4 7. h3 Bxf3 8. Qxf3 Nd4 9. Qf2 Be7 10. Be3 c5 11. 0-0 a6 12. a4 0-0 13. f5 Nh7 14. Bxd4 cxd4 15. Nd5 Bh4 16. g3 Be7 17. c3 Ng5 18. Kh2 dxc3 19. bxc3 Kh8 20. Nb6 Rb8 21. a5 Qe8 22. Rfb1 Bd8 23. Nd5 Bf6 24. Qb6 Qc6 25. Nxf6 gxf6 26. Qxc6 bxc6 27. Bxa6 Nf3+ 28. Kg2 Nd2 29. Rb4 Nb3 30. Rb1 Rxb4 31. cxb4 Nd4 32. Bb7 Rb8 33. a6 Nb5 34. Bxc6 Na7 35. Bb7 Nb5 36. Ra1 Nc7 37. Ra5 Nxa6 38. Bxa6 Rxb4 39. Bc4 Rb7 40. Ra8+ Kg7 41. Rd8 Rb2+ 42. Kf3 Rb7 43. Rxd6 Re7 44. Kg4 Kh7 45. Rxf6 Kg7 46. Rxf7+ Rxf7 47. Bxf7 Kxf7 48. Kh5 Kg7 49. h4 Kh7 50. f6 Kg8 51. Kg6 Kf8 52. h5 Kg8 53. f7+ Kf8 54. g4 Ke7 55. Kg7 1-0

[Event "Zilina Region-ch"]
[Site "Zilina"]
[Date "2012.05.05"]
[Round "3"]
[White "Soltys, Peter"]
[Black "Priecinsky, Filip"]
[Result "1-0"]
[WhiteElo "1881"]
[BlackElo "1358"]
[PlyCount "123"]
[EventDate "2012.05.04"]
[EventType "swiss"]
[EventRounds "7"]
[EventCountry "SVK"]
[SourceTitle "CBM 148 Extra"]
[Source "ChessBase"]
[SourceDate "2012.06.22"]
[SourceVersion "1"]
[SourceVersionDate "2012.06.22"]
[SourceQuality "1"]

1. e4 c5 2. Nf3 Nc6 3. d4 cxd4 4. Nxd4 Nxd4 5. Qxd4 d6 6. Bc4 e5 7. Qd3 Nf6 8. 0-0 g6 9. Nc3 Bg7 10. Bb5+ Bd7 11. Qxd6 Bxb5 12. Qxe5+ Qe7 13. Qxe7+ Kxe7 14. Nxb5 a6 15. Nc3 Rhd8 16. Bg5 h6 17. Nd5+ Rxd5 18. Bxf6+ Bxf6 19. exd5 Bxb2 20. Rab1 Bc3 21. Rxb7+ Kf6 22. d6 Ba5 23. g3 Ke6 24. Rd1 Rd8 25. Re7+ Kf6 26. Ra7 Bb4 27. Rxa6 Ke6 28. c4 Ke5 29. f4+ Ke6 30. d7+ Ke7 31. Kg2 Bc5 32. Rc6 Bb4 33. Rc7 Bd6 34. Rb7 Bc5 35. a4 g5 36. fxg5 hxg5 37. a5 f5 38. a6 f4 39. gxf4 gxf4 40. a7 Bxa7 41. Rxa7 Rg8+ 42. Kf3 Ke6 43. c5 Kf5 44. c6 Rg7 45. c7 Re7 46. Rd3 Re1 47. Rd5+ Ke6 48. Rd3 Re3+ 49. Rxe3+ fxe3 50. c8B Ke7 51. Kxe3 Kf6 52. d8B+ Ke5 53. Ra6 Kd5 54. Bc7 Kc5 55. Bd7 Kc4 56. Bd6 Kd5 57. Ra5+ Kc4 58. Rc5+ Kb3 59. Kd3 Kb2 60. Rb5+ Ka2 61. Be6+ Ka1 62. Be5# 1-0

[Event "Zilina Region-ch"]
[Site "Zilina"]
[Date "2012.05.04"]
[Round "1"]
[White "Klochan, Peter"]
[Black "Priecinsky, Filip"]
[Result "1-0"]
[WhiteElo "1694"]
[BlackElo "1358"]
[PlyCount "125"]
[EventDate "2012.05.04"]
[EventType "swiss"]
[EventRounds "7"]
[EventCountry "SVK"]
[SourceTitle "CBM 148 Extra"]
[Source "ChessBase"]
[SourceDate "2012.06.22"]
[SourceVersion "1"]
[SourceVersionDate "2012.06.22"]
[SourceQuality "1"]

1. f4 d5 2. c4 dxc4 3. e3 Nf6 4. Bxc4 e6 5. Nf3 Nc6 6. Nc3 Na5 7. Be2 Bb4 8. Qa4+ Nc6 9. Ne5 Bxc3 10. bxc3 Bd7 11. Nxd7 Qxd7 12. Bf3 Nd5 13. Ba3 Nb6 14. Bxc6 Qxc6 15. Qxc6+ bxc6 16. 0-0 Nc4 17. Bc1 Rb8 18. d3 Nd6 19. e4 0-0 20. Ba3 Rfd8 21. Bc5 Nb5 22. Rab1 Nxc3 23. Rxb8 Rxb8 24. Bxa7 Rd8 25. d4 Ne2+ 26. Kf2 Nxf4 27. Kf3 Nd3 28. Rb1 f6 29. Rb8 Rxb8 30. Bxb8 Nb4 31. Bxc7 Nxa2 32. Ba5 Kf7 33. Bd2 Ke7 34. Ke3 Kd6 35. Kd3 c5 36. dxc5+ Kxc5 37. Be3+ Kb5 38. g4 Nb4+ 39. Ke2 Kc4 40. h4 Nc2 41. Ba7 Nd4+ 42. Ke3 Nc6 43. Bb6 h6 44. Bc7 Ne5 45. g5 fxg5 46. Bxe5 gxh4 47. Bxg7 h3 48. Be5 h5 49. Bh2 h4 50. e5 Kd5 51. Kf3 Kd4 52. Kg4 Kd5 53. Kxh4 Kc6 54. Kxh3 Kd7 55. Kg4 Ke7 56. Kg5 Kf7 57. Bg3 Kg7 58. Be1 Kf7 59. Kh6 Ke7 60. Kg6 Kd7 61. Kf6 Ke8 62. Kxe6 Kd8 63. Kf7 1-0